000 00765nam a2200181Ia 4500
008 100920s9999 xx 000 0 und d
082 _b64263
_a891.464 थ 93
100 _aवर्हाडे अनुराधा.
245 _aस्त्री आणि स्त्रीजीवन स्थित्यंतरे.
260 _bशब्दांगण प्रकाशन, ठाणे.
_c1993
300 _a75
_bसाधी
365 _b30
520 _aनिबंध.
630 _aस्त्री आणि स्त्रीजीवन स्थित्यंतरे.
650 _aनिबंध.
730 _aस्त्री आणि स्त्रीजीवन स्थित्यंतरे.
942 _cBOOK
999 _c707313
_d707310